| 000 | 00925nam a2200265 a 4500 | ||
|---|---|---|---|
| 001 | 000038066 | ||
| 003 | DO-SdBNP | ||
| 005 | 20250623100947.0 | ||
| 008 | 130312s2007 dr 000 0 spa d | ||
| 040 |
_aDO-SdBNP _bspa _cBNPHU |
||
| 049 | _aBNPD | ||
| 082 | 4 |
_a972.93 _bO96L _222 |
|
| 100 | 1 |
_aOviedo, Luis Tomás, _d1952- _933188 |
|
| 245 | 1 | 0 |
_aLilís y Trujillo : _b2 dictaduras para escolares / _cLuis Tomás Oviedo. |
| 246 | 2 | 3 | _a2 dictaduras para escolares |
| 260 |
_aSanto Domingo : _bAmigo del hogar , _c2007. |
||
| 300 |
_a71 p. ; _c22 cm. |
||
| 500 | _aIncluye datos biográficos del autor en la solapa de la cubierta. | ||
| 500 | _aGlosario: p.66-69. | ||
| 600 | 1 | 0 |
_a Heureaux, Ulises, _d1845-1899 _9598 |
| 600 | 1 | 0 |
_aTrujillo Molina, Rafael Leónidas, _d 1891-1961 _976764 |
| 651 | 0 |
_aRepública Dominicana _xHistoria _y1844-1930 _91009 |
|
| 910 | _aValidado. Control de calidad EMS | ||
| 942 |
_2ddc _cLBS1 |
||
| 999 |
_c37556 _d37556 |
||